| 000 | 00721cam a22002651 4500 | ||
|---|---|---|---|
| 001 | 20890 | ||
| 003 | BD-RjUL | ||
| 005 | 20211209000626.0 | ||
| 008 | 140302s1949 ilua b 001 0 eng | ||
| 035 | _a(BD-RjUL)20952 | ||
| 035 | _a(OCoLC)245275 | ||
| 040 |
_aDLC _cOCH _dBD-RjUL _beng |
||
| 041 | _aeng | ||
| 082 | 0 | 0 |
_a808.5 _bMOP 1949 |
| 100 | 1 |
_aMonroe, Alan Houston, _d1903- _964519 |
|
| 245 | 1 | 0 | _aPrinciples and types of speech / |
| 250 | _a3rd ed. | ||
| 260 |
_aChicago : _bScott, Foresman, _cc1949. |
||
| 300 |
_axiv, 658 p. : _billus. ; _c24 cm. |
||
| 504 | _aIncludes bibliographies and index. | ||
| 650 | 0 |
_aOratory. _947362 |
|
| 942 |
_2ddc _cBK |
||
| 999 |
_c20890 _d20890 |
||